• 首页
  • 本馆介绍
  • 公告通知
  • 最新文献
  • 馆藏检索
  • 电子资源
  • 读者导购
  • 参考咨询
  • 我的图书馆
  • 登录
  • 详细信息显示
  • 放入我的书架
  • 预约/预借图书
  • 作者相关作品
  • 分类相关作品
  • 丛书相关作品
  • 出版社相关作品

书目信息

  • 表格格式
  • 工作单格式
  • 卡片格式
题名:
中国比较文学论文索引
    
 
作者: 王向远 著
分册:  
出版信息: 南昌   江西教育出版社  2002
页数: 541页
开本: 20cm
丛书名: 中国比较文学论文索引
单 册:
中图分类: Z89:I0-03
科图分类:
主题词: 比较文学--论文--索引--中国--1980-2000
电子资源:
ISBN: 7-5392-3644-2
000 00810nam0 2200241 45
001 0311180909
005 20031219104121.7
010    @a7-5392-3644-2@dCNY27.80
100    @a20031118d2002 km y0chiy0120 ea
101 0  @achi
105    @a z 000yy
200 1  @a中国比较文学论文索引@AZhong Guo Bi Jiao Wen Xue Lun Wen Suo Yin@e1980-2000@f王向远著@FWang Xiang Yuan Zhu
210    @a南昌@c江西教育出版社@d2002
215    @a541页@d20cm
225    @a中国比较文学论文索引@f王向远,周榕芳主编
410    @12001 @a中国比较文学论文索引
410    @1700 0@a周榕芳@AZhou Rong Fang@4主编@a王向远@AWang Xiang Yuan@4主编
517    @a1980-2000
606 0  @a比较文学@x论文@x索引@y中国@z1980-2000
690    @aZ89:I0-03@v4
701    @a王向远@4著
801    @aCN@bTSTC@c20031118
905    @b328486@dZ89:I0-03@e111@f1
    
    中国比较文学论文索引:1980-2000/王向远著.-南昌:江西教育出版社,2002
    541页;20cm.-(中国比较文学论文索引/王向远,周榕芳主编)
    
    
    ISBN 7-5392-3644-2:CNY27.80
    
●
相关链接 在E读中查询图书 在五车中查询图书 在当当中查询图书 在豆瓣中查询图书


正题名:中国比较文学论文索引     索取号:Z89:I0-03/111         预约/预借

序号 登录号 条形码 馆藏地/架位号 状态 备注
1 0328486   203284864   第二样本阅览室/ [索取号:Z89:I0-03/111] 在馆    
2 0328519   203285195   第三借阅区/ [索取号:Z89:I0-03/111] 在馆    
3 0328520   203285202   第三借阅区/ [索取号:Z89:I0-03/111] 在馆    
唐山师范学院图书馆 欢迎您!
大连网信软件有限公司© 版权所有